| 000 | 00419nam a2200169 a 4500 | ||
|---|---|---|---|
| 020 | _a0697136809 (paper) | ||
| 020 | _a0697136795 (case) | ||
| 040 | _cDLC | ||
| 082 | 0 | 0 | _a574 WCB 1994 A021 Or. |
| 100 | 1 | _aMader, Sylvia S. | |
| 245 | 1 | 0 | _aInquiry into life / |
| 250 | _a7th ed. | ||
| 260 |
_aDubuque, Iowa : _bW.C. Brown, _cc1994. |
||
| 300 |
_axxiv, 760 p. : _bill. ; _c28 cm. |
||
| 650 | 0 | _aBiology. | |
| 942 | _cEK | ||
| 999 |
_c12636 _d12636 |
||